| 000 | 01066nam a22002777a 4500 | ||
|---|---|---|---|
| 001 | 4990 | ||
| 003 | FISKH | ||
| 005 | 20251111080831.0 | ||
| 008 | 241030b cb ||||| |||| 00| 0 eng d | ||
| 020 | _a9780531175361 | ||
| 040 |
_aFISKH _beng _cFISKH _dFISKH |
||
| 050 | _aUB270.R38 | ||
| 082 | _a327.12 | ||
| 100 | _aRauf, Don | ||
| 245 |
_aKiller lipstick and other spy gadgets / _cby Don Rauf |
||
| 260 |
_aNew York : _bScholastic , _c2008 . |
||
| 300 |
_a64 pages : _bcolor illustrations ; _c24 cm . |
||
| 490 | _a 24/7 Spy Files, 24/7: Science Behind the Scenes (Spy Files) | ||
| 505 | _aR | ||
| 520 | _aKnow your enemy, and that's the best military strategy. The more a country knows about its enemies, the safer it is, and that's where spies come in and gather knowledge. Some spies are secret agents who work overseas, others stay home supporting agents in the field. | ||
| 521 | 8 |
_a780
_bLexile |
|
| 521 | 8 |
_aR
_bRaz-Plus |
|
| 650 |
_aEspoinage-Equipment and supplies _vJuvenile Literature |
||
| 942 |
_2ddc _cBK _n0 |
||
| 999 |
_c4990 _d4990 |
||